01135nam a2200301Ia 450000500170000000800410001702000180005810000360007624501280011225000180024030000580025850000390031665000440035565000480039965000450044765000370049265000380052970000370056770000390060494200120064326400280065533600270068333700330071033800280074304000350077108400120080699900150081820220317001427.0161108s2006 ck a g 000 f s  a9789584238795 aLewis, Clive Staplesd1898-1963 aLas crónicas de Narniabla última batallacC.S. Lewis ; traducción de Gemma Gallart ; ilustraciones de Pauline Baynes a5a. edición a260 páginasbilustraciones en blanco y negroc21 cm aTítulo original: The Last Battle142LEMBaNovela infantil inglesaySiglo XX142LEMBaLiteratura infantil inglesaySiglo XX142LEMBaReyes y soberanos en la literatura142LEMBaAventuras en la literatura142LEMBaFantasía en la literatura1 aGallart, Gemmaetraductor9718951 aBaynes, Paulineeilustrador971896 2loccBK aBogotábDestinoc2006 atextobtxt2rdacontent asin mediaciónbn2rdamedia avolumenbnc2rdacarrier aCO-BoRNBPbspaerdacCO-BoRNBP aN LEWC2 c6945d6945